000 01309nam a2200421 i 4500
001 30937
003 KOSZ 005
005 20240405063053.0
008 001213s1979 pl a f f |001 0 pol
015 _aPB 1979/9665
020 _a8301009829
035 _a(OCoLC)749148580
040 _aWA N
_cWA N
_dKOSZ 005/HR
041 0 _apol
046 _k1979
080 _a33(100)"18/19"
080 _a(075.8)
100 1 _aGórski, Janusz
_d(1929-1986)
_eAutor
245 1 0 _aHistoria powszechnej myśli ekonomicznej :
_b(1870-1950) /
_cJanusz Górski, Witold Sierpiński.
250 _aWyd. 3.
260 _aWarszawa :
_bPaństwowe Wydaw. Naukowe,
_c1979.
300 _a536 s. :
_b2 il., 2 tab., wykr., err. ;
_c21 cm.
380 _aKsiążki.
380 _aPublikacjedydaktyczne
385 _mPoziom nauczania
_aSzkoły wyższe
388 _a1901-
504 _aIndeks.
658 _aGospoarka, ekonomia, finanse
658 _aHistoria
655 4 _aPodręczniki akademickie
648 4 _a1801-1900
648 4 _a1901-2000
650 4 _aEkonomia
650 4 _aHistoria
700 1 _aSierpiński, Witold.
_eAutor
856 _uhttp://koha.tu.koszalin.pl/cgi-bin/koha/opac-detail.pl?biblionumber=30937
_yKatalog online BPK
942 _2UKD
_cKS
999 _c30937
_d30937